Capitals of Countries that Begin with S - Statistics

General Stats
  • This quiz has been taken 149 times
  • The average score is 24 of 29
Answer Stats
Hint Answer % Correct
Switzerland Bern
97%
Spain Madrid
97%
Saudi Arabia Riyadh
97%
South Korea Seoul
97%
Singapore Singapore
97%
Sweden Stockholm
97%
South Africa 1 Cape Town
96%
Syria Damascus
96%
San Marino San Marino
95%
South Africa 3 Pretoria
93%
Serbia Belgrade
90%
Slovakia Bratislava
90%
São Tomé and Príncipe São Tomé
90%
Senegal Dakar
89%
Sudan Khartoum
87%
Somalia Mogadishu
86%
Sierra Leone Freetown
83%
Slovenia Ljubljana
83%
Seychelles Victoria
81%
South Africa 2 Bloemfontein
80%
Suriname Paramaribo
80%
Sri Lanka 1 Colombo
77%
Saint Lucia Castries
75%
South Sudan Juba
75%
Samoa Apia
71%
Saint Kitts and Nevis Basseterre
67%
Saint Vincent and the Grenadines Kingstown
63%
Solomon Islands Honiara
60%
Sri Lanka 2 Sri Jayawardenepura Kotte
45%
No matching quizzes found
Score Distribution
Percent of People with Each Score
Percentile by Number Answered
Your Score History
You have not taken this quiz